Les jeux édités par Nintendo sur NES - Statistiques

Statistiques générales
  • Ce quiz a été pris 12 fois
  • Le résultat moyen est 13 sur 71
Statistiques - réponses
Date de sortie (NES) Réponse % Correct
juin 1986 Donkey Kong
90%
octobre 1985 Super Mario Bros.
90%
septembre 1988 Super Mario Bros. 2
80%
février 1987 Kid Icarus
70%
août 1987 Metroid
70%
février 1990 Super Mario Bros. 3
70%
août 1987 The Legend of Zelda
70%
octobre 1985 Duck Hunt
60%
juin 1986 Donkey Kong Jr.
50%
juin 1986 Mario Bros.
50%
octobre 1987 Mike Tyson's Punch-Out!!
50%
août 1990 Punch-Out!!
50%
octobre 1985 Ice Climber
40%
novembre 1989 Tetris
40%
septembre 1988 Zelda II: The Adventure of Link
40%
octobre 1985 Excitebike
30%
octobre 1985 Golf
30%
octobre 1985 Tennis
30%
juin 1992 Yoshi
30%
juin 1986 Donkey Kong 3
20%
octobre 1990 Dr. Mario
20%
octobre 1985 Soccer
20%
octobre 1985 10-Yard Fight
10%
septembre 1986 Balloon Fight
10%
octobre 1985 Baseball
10%
octobre 1985 Clu Clu Land
10%
juillet 1987 Devil World
10%
juin 1986 Donkey Kong Jr. Math
10%
août 1986 Gumshoe
10%
octobre 1985 Gyromite
10%
octobre 1985 Hogan's Alley
10%
mars 1988 Ice Hockey
10%
mai 1993 Kirby's Adventure
10%
octobre 1985 Kung Fu
10%
octobre 1985 Pinball
10%
juin 1986 Popeye
10%
mars 1987 Pro Wrestling
10%
octobre 1985 Stack Up
10%
octobre 1993 Tetris 2
10%
août 1986 Urban Champion
10%
décembre 1994 Wario's Woods
10%
octobre 1985 Wild Gunman
10%
octobre 1985 Wrecking Crew
10%
avril 1993 Yoshi's Cookie
10%
décembre 1988 Anticipation
0%
août 1990 Barker Bill's Trick Shooting
0%
mars 1990 Burai Fighter
0%
juillet 1989 Cobra Triangle
0%
mars 1989 Dance Aerobics
0%
août 1989 Dragon Warrior
0%
août 1989 Faxanadu
0%
juillet 1990 Final Fantasy
0%
août 1986 Mach Rider
0%
mars 1994 Mega Man 6
0%
septembre 1991 NES Open Tournament Golf
0%
septembre 1990 NES Play Action Football
0%
décembre 1990 Nintendo World Cup
0%
avril 1990 Pin-Bot
0%
octobre 1987 Rad Racer
0%
février 1988 R.C. Pro-Am
0%
décembre 1989 Short Order + Eggsplode
0%
août 1987 Slalom
0%
juillet 1990 Snake Rattle'n'Roll
0%
octobre 1990 Solar Jetman
0%
décembre 1990 StarTropics
0%
février 1990 Super Spike V'Ball
0%
novembre 1988 Super Team Games
0%
février 1990 To The Earth
0%
mars 1987 Volley Ball
0%
août 1988 World Class Track Meet
0%
mars 1994 Zoda's Revenge: StarTropics II
0%
Aucun quiz correspondant
Distribution des résultats
% des personnes avec chaque résultat
Percentile par nombre de réponses
Votre historique - résultats
Vous n’avez pas pris ce quiz